| 000 | 01034nam a2200277Ia 4500 | ||
|---|---|---|---|
| 005 | 20220317001114.0 | ||
| 008 | 160825s2006 ck a g 000 0 spa | ||
| 020 | _a97895820026012 | ||
| 082 | 0 | 4 |
_a371.192 _bT73t |
| 100 | 1 | _aTriana de Riveros, Blanca Isabel | |
| 245 | 1 | 3 |
_aLa tertulia familiar _belemento de comunicacion e integracion, talleres para padres _cBlanca Isabel Triana de Riveros, María Victoria Salcedo de Sastoque |
| 250 | _a2a. edición | ||
| 300 |
_a122 páginas _bilustraciones _c23 cm |
||
| 490 | _aAula abierta | ||
| 500 | _aSubtítulo tomado de la carátula | ||
| 650 | 1 | 4 |
_2LEMB _aRelaciones familiares |
| 650 | 1 | 4 |
_2LEMB _aFamilia _xAspectos sociales |
| 650 | 1 | 4 |
_2LEMB _aComunicación interpersonal en la familia |
| 700 | 1 |
_aSalcedo de Sastoque, María Victoria _966141 |
|
| 942 |
_2ddc _cBK |
||
| 264 |
_aBogotá _bMagisterio _c2006 |
||
| 336 |
_atexto _btxt _2rdacontent |
||
| 337 |
_asin mediación _bn _2rdamedia |
||
| 338 |
_avolumen _bnc _2rdacarrier |
||
| 040 |
_aCO-BoRNBP _bspa _erda _cCO-BoRNBP |
||
| 999 |
_c5938 _d5938 |
||